| 000 | 00574nam a2200181 i 4500 | ||
|---|---|---|---|
| 001 | 130195 | ||
| 003 | ES-MaACL | ||
| 005 | 20231027063027.0 | ||
| 007 | t| | ||
| 008 | 070723s1929 fr ||||1| fre d | ||
| 100 | 1 |
_aZweig, Stefan, _d1881-1942 _9118562 |
|
| 245 | 1 | 0 |
_aJérémie / _cpar Stefan Zweig ; traduit de l'allemand por Louis Charles Baudouin. |
| 260 |
_aParis : _bRieder, _c1929 ( _eSaint-Armand : _fR. Bussière) |
||
| 300 |
_a361 p. ; _c12 cm. |
||
| 700 | 1 |
_aBaudouin, Louis Charles. _926531 |
|
| 852 |
_aES-MaACL _jA-2166 |
||
| 999 |
_c130195 _d130195 |
||